La palabra recuperada : (رقم التسجيلة. 134639)
[ عرض عادي ]
| 000 -LEADER | |
|---|---|
| fixed length control field | 01899cam a22003134a 4500 |
| 008 - FIXED-LENGTH DATA ELEMENTS--GENERAL INFORMATION | |
| fixed length control field | 061227s2006 sp b 000 0 spa |
| 010 ## - LIBRARY OF CONGRESS CONTROL NUMBER | |
| LC control number | 2007417352 |
| 020 ## - INTERNATIONAL STANDARD BOOK NUMBER | |
| International Standard Book Number | 3865273092 (Vervuert) |
| 020 ## - INTERNATIONAL STANDARD BOOK NUMBER | |
| International Standard Book Number | 8484892883 (Iberoamericana) |
| 040 ## - CATALOGING SOURCE | |
| Original cataloging agency | DLC |
| Transcribing agency | DLC |
| 043 ## - GEOGRAPHIC AREA CODE | |
| Geographic area code | cl----- |
| 050 00 - LIBRARY OF CONGRESS CALL NUMBER | |
| Classification number | PQ7081.A1 |
| Item number | P293 2006 |
| 092 04 - LOCALLY ASSIGNED DEWEY CALL NUMBER (OCLC) | |
| Classification number | 860.8098 |
| Item number | P1533 |
| Edition number | 21 |
| 099 ## - LOCAL FREE-TEXT CALL NUMBER (OCLC) | |
| Classification number | 04 |
| -- | 860.8098 P1533 |
| 245 03 - TITLE STATEMENT | |
| Title | La palabra recuperada : |
| Remainder of title | mitos prehispanicos en la literatura latinoamericana / |
| Statement of responsibility, etc. | Helena Usandizaga (ed.). |
| 260 ## - PUBLICATION, DISTRIBUTION, ETC. | |
| Place of publication, distribution, etc. | Madrid : |
| Name of publisher, distributor, etc. | Iberoamericana ; |
| Place of publication, distribution, etc. | Frankfurt am Main : |
| Name of publisher, distributor, etc. | Vervuert, |
| Date of publication, distribution, etc. | 2006. |
| 300 ## - PHYSICAL DESCRIPTION | |
| Extent | 256 p. ; |
| Dimensions | 22 cm. |
| 504 ## - BIBLIOGRAPHY, ETC. NOTE | |
| Bibliography, etc. note | includes bibliographical references. |
| 505 0# - FORMATTED CONTENTS NOTE | |
| Formatted contents note | Relatos de la ausencia : historia, mito y ficcion en La historia de Martin Caparros y el entenado de Juan Jose Saer / Florencia Bianco -- Mito, despojo y elegia por la querencia pastoril en Yawar Fiesta de Josâe Marâia Arguedas / Magdalena Chocano -- Del espejo enterrado al Michlâan : presencias mâiticas en Villoro, Fresâan y Bolaنno / Dunia Gras -- Tres categorâias del mito en Macumaâima de Mario de Andrade / Marcin Kazmierczak -- El camino de las huacas : del Inca Garcilaso a Josâe Marâia Arguedas / William Rowe -- Irradiaciâon semâantica de los mitos andinos en El pez de oro de Gamaliel Churata / Helena Usandizaga -- Relato del Popul Vuh, libro mâagico de los mayas-quiche / Jose Ignacio Uzquiza -- Fronteras coloniales : mitos, ficciâon y parodia en el Norte de Mâexico / Nâuria Vilanova. |
| 650 #0 - SUBJECT ADDED ENTRY--TOPICAL TERM | |
| Topical term or geographic name entry element | Indian mythology |
| Geographic subdivision | Latin America |
| General subdivision | In literature. |
| 650 #0 - SUBJECT ADDED ENTRY--TOPICAL TERM | |
| Topical term or geographic name entry element | Spanish American literature |
| General subdivision | History and criticism. |
| 650 #0 - SUBJECT ADDED ENTRY--TOPICAL TERM | |
| Topical term or geographic name entry element | Spanish American literature |
| General subdivision | Indian influences. |
| 700 1# - ADDED ENTRY--PERSONAL NAME | |
| Personal name | Usandizaga, Helena. |
| 902 ## - LOCAL DATA ELEMENT B, LDB (RLIN) | |
| No. of Items | 1 |
| 905 ## - LOCAL DATA ELEMENT E, LDE (RLIN) | |
| Cataloger | Jamal |
| Reviser | Rev. |
| 905 ## - LOCAL DATA ELEMENT E, LDE (RLIN) | |
| Cataloger | Jihan |
| Reviser | Cat. |
| 942 ## - ADDED ENTRY ELEMENTS (KOHA) | |
| Source of classification or shelving scheme | Dewey Decimal Classification |
| Koha item type | Books |
| Source of classification or shelving scheme | Not for loan | Home library | Current library | Date acquired | Full call number | Barcode | Date last seen | Copy number | Koha item type |
|---|---|---|---|---|---|---|---|---|---|
| Dewey Decimal Classification | المكتبة المركزبة الجديدة - جامعة القاهرة | قاعة الثقاقات الاجنبية - الدور الثالث | 11.02.2024 | 860.8098 P1533 Spa. | 01000116004859000 | 05.07.2024 | C.1 | Books |